书目信息 |
| 题名: |
一书三课
|
|
| 作者: | 王跃平 , 肖莉萍 主编 | |
| 分册: | ||
| 出版信息: | 南京 南京出版社 2020 |
|
| 页数: | 271页 | |
| 开本: | 26cm | |
| 丛书名: | ||
| 单 册: | ||
| 中图分类: | G633.332 | |
| 科图分类: | ||
| 主题词: | 阅读课--教学研究--初中 | |
| 电子资源: | ||
| ISBN: | 978-7-5533-2992-5 | |
| 000 | 00789nam0 2200241 450 | |
| 001 | 012001002464 | |
| 005 | 20140202151554.0 | |
| 010 | @a978-7-5533-2992-5@dCNY55.80 | |
| 100 | @a20220905d2020 em y0chiy50 ea | |
| 101 | 0 | @achi |
| 102 | @aCN@b320000 | |
| 105 | @aa z 000yy | |
| 106 | @ar | |
| 200 | 1 | @a一书三课@Ayi shu san ke@e整本书阅读教学36课@e部编版@f王跃平,肖莉萍主编 |
| 210 | @a南京@c南京出版社@d2020 | |
| 215 | @a271页@c图@d26cm | |
| 330 | @a本书包括两个部分:“一书三课”的典型案例和“一书三课”的理性思考,后者又包括教学探索、课程建构和模式建构。 | |
| 606 | 0 | @a阅读课@x教学研究@x初中 |
| 690 | @aG633.332@v5 | |
| 701 | 0 | @a王跃平@Awang yue ping@4主编 |
| 701 | 0 | @a肖莉萍@Axiao li ping@4主编 |
| 801 | 0 | @aCN@bAHXH@c20221111 |
| 905 | @b1368175-7@dG633.332@e1005@f3 | |
| 一书三课:整本书阅读教学36课:部编版/王跃平,肖莉萍主编.-南京:南京出版社,2020 |
| 271页:图;26cm |
| ISBN 978-7-5533-2992-5:CNY55.80 |
| 本书包括两个部分:“一书三课”的典型案例和“一书三课”的理性思考,后者又包括教学探索、课程建构和模式建构。 |
| ● |
| 相关链接 |
|
|
|
|
正题名:一书三课
索取号:G633.332/1005
 
预约/预借
| 序号 | 登录号 | 条形码 | 馆藏地/架位号 | 状态 | 备注 |
| 1 | 1368175 | 213681755 | 第一样本阅览室/ [索取号:G633.332/1005] | 在馆 | |
| 2 | 1368176 | 213681764 | 第四借阅区/ [索取号:G633.332/1005] | 在馆 | |
| 3 | 1368177 | 213681773 | 第四借阅区/ [索取号:G633.332/1005] | 在馆 |